Reprezentacje piłkarzy FC Barcelony 24/25 - Statystyki

Ogólne statystyki
  • Ten quiz został rozwiązany 149 razy
  • Średni wynik to 26 z 26
Statystyki odpowiedzi
Nr Pozycja Zawodnik Reprezentacja % Poprawnych
25 Bramkarz Wojciech Szczesny Polska
100%
9 Środkowy napastnik Robert Lewandowski Polska
100%
11 Lewy napastnik Raphinha Brazylia
99%
13 Bramkarz Iñaki Peña Hiszpania
99%
2 Środkowy obrońca Pau Cubarsí Hiszpania
99%
24 Środkowy obrońca Eric García Hiszpania
99%
5 Środkowy obrońca Iñigo Martínez Hiszpania
99%
3 Lewy obrońca Alejandro Balde Hiszpania
99%
35 Lewy obrońca Gerard Martín Hiszpania
99%
32 Prawy obrońca Héctor Fort Hiszpania
99%
28 Defensywny pomocnik Marc Bernal Hiszpania
99%
17 Defensywny pomocnik Marc Casadó Hiszpania
99%
8 Środkowy pomocnik Pedri Hiszpania
99%
6 Środkowy pomocnik Gavi Hiszpania
99%
16 Środkowy pomocnik Fermín López Hiszpania
99%
20 Ofensywny pomocnik Dani Olmo Hiszpania
99%
14 Ofensywny pomocnik Pablo Torre Hiszpania
99%
10 Lewy napastnik Ansu Fati Hiszpania
99%
19 Prawy napastnik Lamine Yamal Hiszpania
99%
7 Prawy napastnik Ferran Torres Hiszpania
99%
18 Środkowy napastnik Pau Víctor Hiszpania
99%
1 Bramkarz Marc-André ter Stegen Niemcy
99%
23 Prawy obrońca Jules Koundé Francja
97%
21 Środkowy pomocnik Frenkie de Jong Holandia
95%
4 Środkowy obrońca Ronald Araujo Urugwaj
95%
15 Środkowy obrońca Andreas Christensen Dania
90%
Nie znaleziono quizów pasujących do podanych kryteriów
Rozkład punktacji
Procent ludzi z każdym wynikiem
Percentyl według liczby udzielonych odpowiedzi
Twoja historia wyników
Nie rozwiązałeś tego quizu